书目信息 |
| 题名: |
墨子语录
|
|
| 作者: | 李吉东 编著 | |
| 分册: | ||
| 出版信息: | 济南 山东大学出版社 2016.07 |
|
| 页数: | 132页 | |
| 开本: | 18cm | |
| 丛书名: | 齐鲁圣贤语录 | |
| 单 册: | ||
| 中图分类: | B224.1 | |
| 科图分类: | ||
| 主题词: | ||
| 电子资源: | ||
| ISBN: | 978-7-5607-5584-7 | |
| 000 | 00900oam2 2200265 450 | |
| 001 | 0120161997963 | |
| 005 | 20170911085500.09 | |
| 010 | @a978-7-5607-5584-7@dCNY12.00 | |
| 100 | @a20160913d2016 em y0chiy50 ea | |
| 101 | 0 | @achi |
| 102 | @aCN@b370000 | |
| 105 | @ay z 000yy | |
| 106 | @ar | |
| 200 | 1 | @a墨子语录@9mo zi yu lu@f李吉东编著 |
| 210 | @a济南@c山东大学出版社@d2016.07 | |
| 215 | @a132页@d18cm | |
| 225 | 2 | @a齐鲁圣贤语录 |
| 330 | @a本书为“齐鲁圣贤语录”系列丛书之一种,精选《墨子》等书中收录的影响较大的墨子的名句,分门别类,加以注释、解析,从修身、治学、为政、尚贤、节约等方面阐释了墨家文化的要义,文字简明扼要,具有一定的社会价值。 | |
| 333 | @a哲学爱好者 | |
| 461 | 0 | @12001 @a齐鲁圣贤语录 |
| 600 | 0 | @a墨翟@f(前468-前376)@x语录 |
| 690 | @aB224.1@v5 | |
| 701 | 0 | @a李吉东@9li ji dong@4编著 |
| 801 | 0 | @aCN@b人天书店@c20160913 |
| 905 | @b1074514-19@dB224.1@e678@f6 | |
| 墨子语录/李吉东编著.-济南:山东大学出版社,2016.07 |
| 132页;18cm.-(齐鲁圣贤语录) |
| 使用对象:哲学爱好者 |
| ISBN 978-7-5607-5584-7:CNY12.00 |
| 本书为“齐鲁圣贤语录”系列丛书之一种,精选《墨子》等书中收录的影响较大的墨子的名句,分门别类,加以注释、解析,从修身、治学、为政、尚贤、节约等方面阐释了墨家文化的要义,文字简明扼要,具有一定的社会价值。 |
| ● |
| 相关链接 |
|
|
|
|
正题名:墨子语录
索取号:B224.1/678
 
预约/预借
| 序号 | 登录号 | 条形码 | 馆藏地/架位号 | 状态 | 备注 |
| 1 | 1074514 | 210745149 | 第一样本阅览室/ [索取号:B224.1/678] | 在馆 | |
| 2 | 1074515 | 210745158 | 第一借阅区/ [索取号:B224.1/678] | 在馆 | |
| 3 | 1074516 | 210745167 | 第一借阅区/ [索取号:B224.1/678] | 在馆 | |
| 4 | 1074517 | 210745176 | 第一借阅区/ [索取号:B224.1/678] | 在馆 | |
| 5 | 1074518 | 210745185 | 密集书库-马院/ [索取号:B224.1/678] | 在馆 | |
| 6 | 1074519 | 210745194 | 第一借阅区/ [索取号:B224.1/678] | 在馆 |